000 00686nam a2200241Ia 4500
005 20260430150223.0
008 008 250103s9999 xx 000 0 eng d
037 _aTheses
040 _aCRL
040 _beng
040 _ceng
041 _2eng
041 _aeng
084 _qCRL
100 _aGupta Aradhana Au.; Barua Ananya Gu.
_91236835
245 0 _aAre the statue and the clay identical?: a study of kathrin koslicki's reponse to the problem of material constitution
260 _c2021
300 _a357p.
650 _aPhilosophy
700 _aUniversity of Delhi. Faculty of Arts. Department of Philosophy
_978395
942 _cTH
999 _c1849247
_d1849247